Players Jordan beat in the finals - Statistics

General Stats
  • This quiz has been taken 7 times
  • The average score is 18 of 68
Answer Stats
1991 % Correct
John Stockton
100%
John Stockton
100%
Karl Malone
100%
Karl Malone
100%
Magic Johnson
100%
Charles Barkley
86%
Ervin Johnson
86%
Frank Johnson
86%
Kevin Johnson
86%
Shawn Kemp
86%
Clyde Drexler
71%
Gary Payton
71%
James Worthy
71%
Jeff Hornacek
71%
Jeff Hornacek
71%
Tony Smith
57%
Vlade Divac
57%
Dan Majerle
43%
A.C. Green
29%
Bryon Russell
29%
Bryon Russell
29%
Buck Williams
29%
Danny Ainge
29%
Danny Ainge
29%
Detlef Schrempf
29%
Terry Porter
29%
Wayne Cooper
29%
Antoine Carr
14%
Antoine Carr
14%
Bryon Scott
14%
Clifford Robinson
14%
Greg Ostertag
14%
Greg Ostertag
14%
Kevin Duckworth
14%
Olliver Miller
14%
Richard Dumas
14%
Tom Chambers
14%
Adam Keefe
0%
Adam Keefe
0%
Alaa Abdelnaby
0%
Chris Morris
0%
Chris Morris
0%
David Wingate
0%
Elden Campbell
0%
Ennis Whatley
0%
Eric Snow
0%
Frank Brickowski
0%
Greg Foster
0%
Greg Foster
0%
Hersey Hawkins
0%
Howard Eisley
0%
Howard Eisley
0%
Jacque Vaughn
0%
Jerome Kersey
0%
Jerrod Mustaf
0%
Larry Drew
0%
Mark Bryant
0%
Mark West
0%
Mychal Thompson
0%
Nate McMillan
0%
Robert Pack
0%
Sam Perkins
0%
Sam Perkins
0%
Shandon Anderson
0%
Shandon Anderson
0%
Steve Scheffler
0%
Terry Teagle
0%
Vincent Askew
0%
No matching quizzes found
Score Distribution
Percent of People with Each Score
Percentile by Number Answered
Your Score History
You have not taken this quiz